| 000 | 00849nam a2200241 i 4500 | ||
|---|---|---|---|
| 001 | bg | ||
| 003 | BPK | ||
| 005 | 20221024142105.0 | ||
| 008 | 990909s1998 pl f |000 0 pol d | ||
| 040 | _cBPK | ||
| 041 | 0 | _apl | |
| 080 | _a621.7 | ||
| 080 | _a621.9 | ||
| 100 | 1 |
_aMarciniak, Zdzisław _d(1918-2020) _eAutor |
|
| 245 | 1 | 0 |
_aTechnologia wytłoczek i konstrukcja tłoczników : _bzeszyty problemowe / _cZdzisław Marciniak ; Ośrodek Techniczny A. Marciniak. |
| 260 |
_aWarszawa : _bOT A. Marciniak, _c1998. |
||
| 300 |
_a376 k. pag.varia : _brys., wykr. ; _c29 cm. |
||
| 521 | _aZawiera 15 zesz. w 2 częściach. | ||
| 650 | 4 |
_aTłoczniki _xbudowa i konstrukcje. |
|
| 650 | 4 | _aTłocznictwo | |
| 856 |
_uhttp://koha.tu.koszalin.pl/cgi-bin/koha/opac-detail.pl?biblionumber=33845 _yKatalog online BPK |
||
| 942 |
_cKS _2UKD |
||
| 999 |
_c33845 _d33845 |
||